000 00215nam a2200085Ia 4500
008 170523s9999 xx 000 0 und d
100 _aPAUL- JOSE
245 0 _aENTREPRENEURSHIP DEVELOPMENT
260 _bDELHI HIMALAYA PUBLICATION
260 _c1999
999 _c43
_d43